00245nam a22000857a 4500041000800000080000700008100003400015245009000049650002000139 aeng a80 aКаушанская, В. Л. aСборник упражнений по грамматике англ. языка. aEnglish Grammar